Rola propagácie a integrovanej marketingovej komunikácie
Úloha propagácie v marketingovom procese. Funkcie marketingu a jeho definícia. Základná úloha marketingu a jeho štyri prvky. Definícia integrovanej marketingovej komunikácie.
Enregistré dans:
| Auteur principal: | |
|---|---|
| Format: | Chapitre de livre |
| Langue: | slovaque |
| Sujets: | |
| Tags: |
Pas de tags, Soyez le premier à ajouter un tag!
|
MARC
| LEADER | 00000naa a2200000 4500 | ||
|---|---|---|---|
| 001 | r046809 | ||
| 005 | 20230925130516.6 | ||
| 041 | 0 | |a slo | |
| 044 | |a SK | ||
| 245 | 1 | 0 | |a Rola propagácie a integrovanej marketingovej komunikácie |c Renáta Pauličková |
| 520 | |a Úloha propagácie v marketingovom procese. Funkcie marketingu a jeho definícia. Základná úloha marketingu a jeho štyri prvky. Definícia integrovanej marketingovej komunikácie. | ||
| 610 | 2 | 0 | |a komunikácia marketingová |
| 610 | 2 | 0 | |a propagácia |
| 610 | 2 | 0 | |a marketing |
| 610 | 2 | 0 | |a podpora predaja |
| 100 | 1 | |a Pauličková, Renáta | |